Statistics for The Life of Christ Quiz 1

Click here to take the quiz!

General Stats

  • This quiz has been taken 22 times
  • The average score is 7 of 25

Answer Stats

HintAnswer% Correct
How many Gospels are there?4
88%
This Gospel was written chronologicallyLuke
69%
Jesus was born in which town?Bethlehem
63%
True/False - Jesus existed as the 2nd person of the Trinity only at his incarnationFalse
63%
Yes/No - Is it right to say that Jesus is similar but not identical in essence and substance to God the Father?No
63%
Yes/No - Is Jesus presently God and Man in heaven?Yes
63%
True/False - Jesus existed before he was bornTrue
50%
What was the gossip center of Jewish society?Synagogue
31%
In the beginning was the ___________Word
31%
How many people sat on the Sanhedrin?71
25%
Under which empire did Hellenization spread?Greek
25%
The "Foundational" union that describes the relationship between Christ's divinity and humanityHypostatic
19%
Who was Jesus' forerunner?John the Baptizer
19%
Which religious party were considered the "separatists?"Pharisees
19%
Jesus is the fulfilled seed of the woman who will crush whose head?Satan
19%
Who were the most qualified Pharisees?Scribes
19%
What is the western most region?Coastal Plain
13%
Which historic heresy states that Christ only seemed to have a human body?Docetism
13%
What is the 2nd of the 3 incommunicable attributes of God?Eternal
13%
The doctrine of Christ emptying himself of his glory is called the ________Kenosis
13%
Which historic heresy most describes the heresy of the Jehovah Witnesses?Arianism
6%
In which geographical location is Jerusalem located?Central Mountains
6%
Which ecumenical formula stated that Christ was fully man and fully God without confusion or separation?Chalcedonian
6%
With which religious party was John the Baptizer said to spend some time?Essenes
6%
Belief in Jesus' humanity is evidence a person has God's ________Spirit
6%

Score Distribution

Percentile by Number Answered

Percent of People with Each Score

Your Score History

You have not taken this quiz